| 000 | 00779nam a22002057a 4500 | ||
|---|---|---|---|
| 999 |
_c20497 _d20497 |
||
| 003 | AR-CdUCM | ||
| 008 | 190530b ||||| |||| 00| 0 spa d | ||
| 040 |
_aMUNICIPALIDAD PROVINCIAL DEL CUSCO _cBIBLIOTECA MUNICIPAL DEL CUSCO |
||
| 082 |
_2658 / _aP51 |
||
| 100 |
_aPhilippatos, George C. _942843 |
||
| 245 | _aFundamentos de administración financiera / | ||
| 260 | _bHolden-day, | ||
| 300 |
_a518 páginas ; _bGráficos, _c26 cm. |
||
| 505 | _aContenido : La empresa y sus objetivos -- La evolución de la administración financiera -- Organización de un libro -- Programa de administración financiera... | ||
| 650 |
_aAdministración _94472 |
||
| 650 |
_aTeoría financiera _942844 |
||
| 650 |
_aTécnicas de presupuesto _942845 |
||
| 942 |
_2ddc _cLIBROS |
||
| 945 | _arcc | ||